000 00349nam a2200133Ia 4500
008 240624s9999 xx 000 0 und d
041 _aeng
082 _a107.2 KNO
100 _aKNOBE JOSHUA
245 _aEXPERIMENTAL PHILOSOPHY VOLUME 2
260 _c2014
_aNew Delhi
_bOxford University Press
300 _avi, 374 p,: 23 cm.
365 _cBPS
_b38
999 _c31114
_d31114